000 00375nam a2200145Ia 4500
008 210210b1989 xxu||||| |||| 00| 0 eng d
020 _a81 207 0984 5
082 _a305.4 DERW
100 _aDe REINCOURT (Amaury).
245 _aWomen and power in history.
260 _aND
_bSterling publishers pvt ltd.
_c1989
300 _a467
690 _aWomen Studies
906 _a042701
999 _c92298
_d92298